000
00291nam a2200133Ia 4500
008
150301s2007 xx 000 0 und d
082
_a
647
_b
SIN
100
_a
SINGH, D.K
245
_a
TB. OF TOURISM
250
_a
1ST
260
_b
AMAN PUB. DELHI
_c
2007
300
_a
302
942
_2
ddc
_c
BK
999
_c
7033
_d
7033